Central Library OPAC University of Rajshahi

Caring for people : (Record no. 49637)

MARC details
000 -LEADER
fixed length control field 00958cam a2200253 a 4500
001 - CONTROL NUMBER
control field 49637
003 - CONTROL NUMBER IDENTIFIER
rucl marc code BD-RjUL
005 - DATE AND TIME OF LATEST TRANSACTION
control field 20211209054715.0
008 - FIXED-LENGTH DATA ELEMENTS--GENERAL INFORMATION
fixed length control field 160821s19681967enk 000 0 eng d
035 ## - SYSTEM CONTROL NUMBER
System control number (BD-RjUL)49756
System control number 796755
040 ## - CATALOGING SOURCE
Original cataloging agency ANL
Language of cataloging eng
Transcribing agency ANL
Modifying agency XNTU
041 ## - LANGUAGE CODE
Language code of text/sound track or separate title eng
082 04 - DEWEY DECIMAL CLASSIFICATION NUMBER
Classification number 361.942
Author mark and year CAR 1968
110 2# - MAIN ENTRY--CORPORATE NAME
Corporate name or jurisdiction name as entry element National Council of Social Service.
Subordinate unit Committee of Enquiry.
9 (RLIN) 148831
245 10 - TITLE STATEMENT
Title Caring for people :
Remainder of title staffing residential homes /
Statement of responsibility, etc. The report of the Committee of Enquiry set up by the National Council of Social Service, Chairman Gertrude Williams.
260 ## - PUBLICATION, DISTRIBUTION, ETC. (IMPRINT)
Place of publication, distribution, etc. London :
Name of publisher, distributor, etc. Allen and Unwin,
Date of publication, distribution, etc. 1967 [impression 1967]
300 ## - PHYSICAL DESCRIPTION
Illustrations 222 p. :
Pagination ill. ;
Size 21 cm.
490 0# - SERIES STATEMENT
Series statement National Institute for Social Work Training series ;
Volume/sequential designation no. 11
650 #0 - SUBJECT ADDED ENTRY--TOPICAL TERM
Topical term or geographic name as entry element Charities
Geographic subdivision Great Britain.
9 (RLIN) 145222
Topical term or geographic name as entry element Social service.
9 (RLIN) 148832
700 1# - ADDED ENTRY--PERSONAL NAME
Personal name Williams, Gertrude Rosenblum,
Dates associated with a name 1897-
942 ## - ADDED ENTRY ELEMENTS (KOHA)
Source of classification or shelving scheme Dewey Decimal Classification
Koha item type Books
Holdings
Lost status Source of classification or shelving scheme Damaged status Not for loan Collection code Permanent Location Current Location Shelving location Date acquired Source of acquisition Cost, normal purchase price Total Checkouts Full call number Date last seen Copy number Koha item type
  Dewey Decimal Classification     Non-fiction Central Library, University of Rajshahi Central Library, University of Rajshahi   02/09/1969 Zeetlinger 20.00   361.942 CAR 1968 21/08/2016 C-2 Books
  Dewey Decimal Classification     Non-fiction Central Library, University of Rajshahi Central Library, University of Rajshahi   02/09/1969 Zeetlinger 20.00   361.942 CAR 1968 21/08/2016 C-3 Books